Smash Bros Characters by Bad Hints - Statistics

General Stats
  • This quiz has been taken 85 times
  • The average score is 8 of 29
Answer Stats
Hint Answer % Correct
Batman's boy wonder Robin
69%
Kills more turtles than plastic does Mario
63%
Cannibalistic calamari ingredient Inkling
54%
Garfield on creatine Incineroar
52%
Clown with green hair and an exaggerated smile Joker
48%
Google browser without the E Chrom
43%
Combined with sugar, flour and spices makes for a delicious pastry Peach
37%
Played by Ryan Gosling Ken
33%
Runs Family Feud Steve
33%
Godslayer Kirby
31%
To steal Rob
31%
Trades gems for carrots Villager
30%
Has a weakness to apples Dr. Mario
28%
Can be you, can be me! Mii
28%
Classification of DuckDuckGo without the R Bowser
26%
Is actually surprisingly cute underneath their edgy exterior Meta Knight
26%
Drives a car filled with too many people Bowser Jr
22%
NOT the guy with the green cap and long blonde hair Zelda
22%
Has the same profession as Dr. Peter Venkman Pac Man or Luigi
19%
An alt of the previous answer Roy
17%
Classification of the coding language that doesn't use semicolons Snake
17%
Zapinator from terraria is a reference to them Duck Hunt
15%
Married Ferdinand and sent Christopher to America Isabelle
15%
Died to a meteor Yoshi
15%
Found inside the first answer Pit
13%
Uses a waiter's pay to attack Marth
11%
That one looks like a rabbit, but that one looks like a donkey Cloud
9%
Billy Mitchell is in a case about them Donkey Kong
9%
French slang for butt and a person who takes care of kids Ice Climbers
6%
No matching quizzes found
Score Distribution
Percent of People with Each Score
Percentile by Number Answered
Your Score History
You have not taken this quiz